000 01125nam a22003497a 4500
003 CHAP
005 20220817041639.0
008 971013s1956 r 00010 d
010 _a20609
011 _a21581
035 _a25671
040 _cCHAP
082 _a338.19
_bC4
100 0 0 _aCépáede, Michel.
_924328
245 _aEconomía mundial de la alimentación
260 _aBarcelona :
_bSalvat,
_c1956
300 _a639 p.
_b: ilus. mapas
490 _aColección Agrícola Salvat
590 _aBATCH-UPD
_b10
_c20130110
_lUCH01
_h0058
590 _aBATCH-UPD
_b10
_c20130110
_lUCH01
_h1635
590 _aBATCH-UPD
_b10
_c20130409
_lUCH01
_h2047
590 _aBATCH-UPD
_b10
_c20130410
_lUCH01
_h1026
590 _aBATCH-UPD
_b10
_c20130914
_lUCH01
_h0126
590 _aBATCH-UPD
_b10
_c20130914
_lUCH01
_h1901
590 _aCONVERSION
_b10
_c20130109
_lUCH01
_h1312
650 1 4 _aAlimentos
_xAbastecimiento.
700 0 _aLengellé, Maurice
_ecoaut.
_965979
830 0 _aColección Agrícola Salvat
_924686
901 _aBK
942 _cLIBRO
949 _a338.19 C4
_bBC
_cLIBRO
_d33724000112124
_eLIBRO
_h5922
_i25671
_mD
_si
999 _c20609
_d20609